| 000 | 00640cam a22002411 4500 | ||
|---|---|---|---|
| 001 | sa 68010819 | ||
| 003 | DLC | ||
| 005 | 20260227112555.0 | ||
| 008 | 900216s1968 ii b 000 0 sano | ||
| 010 | _asa 68010819 | ||
| 035 | _a(OCoLC)21075850 | ||
| 040 |
_aDLC _cWaU _dDLC |
||
| 041 | 0 | _asanhin | |
| 042 | _apremarc | ||
| 050 | 0 | 0 |
_aPK3791.B28 _bN5 1968 |
| 100 | 0 | _aBhartr̥hari. | |
| 245 | 1 | 0 | _aNītiśatakam. |
| 260 | _c[1968] | ||
| 300 |
_axii, 38, 310 p. _c19 cm. |
||
| 500 | _aHindi and Sanskrit; introductory matter and notes in Hindi. | ||
| 504 | _aBibliographical footnotes. | ||
| 700 | 1 |
_aSharma, Vishnu Dutta, _d1936- |
|
| 999 |
_c83570 _d83570 |
||